[Event "ROM-ch U12"]
[Site "Calimanesti"]
[Date "2018.03.28"]
[Round "2"]
[White "Tanase, Andrei P"]
[Black "Kiss, Tamas"]
[Result "1-0"]
[WhiteElo "1248"]
[BlackElo "1036"]
[PlyCount "78"]
[EventDate "2018.03.27"]
[EventType "swiss"]
[EventRounds "9"]
[EventCountry "ROU"]
[SourceTitle "CBM 183 Extra"]
[Source "ChessBase"]
[SourceDate "2018.04.19"]
[SourceVersion "1"]
[SourceVersionDate "2018.04.19"]
[SourceQuality "1"]

1. d4 d5 2. c4 dxc4 3. e3 Nc6 4. Nc3 Be6 5. d5 Ne5 6. dxe6 Qxd1+ 7. Nxd1 fxe6 8. Nc3 0-0-0 9. Nf3 Nd3+ 10. Bxd3 Rxd3 11. Ne5 Nf6 12. Nxd3 cxd3 13. Kd2 Ng4 14. f3 Ne5 15. Ne4 g6 16. b3 Bg7 17. Rb1 Rd8 18. Bb2 Rd5 19. f4 Ng4 20. Bxg7 e5 21. h3 Nf6 22. Bxf6 exf6 23. Nxf6 Rc5 24. Rbc1 Ra5 25. a4 Ra6 26. Nd5 c6 27. Kxd3 Kd7 28. Nf6+ Kd6 29. Ne4+ Ke6 30. Nc5+ Kd5 31. Nxa6 bxa6 32. fxe5 h5 33. e6 Kd6 34. e7 Kd7 35. Rxc6 Kxe7 36. Rf1 g5 37. Rff6 Kd7 38. Rxa6 Ke7 39. Rh6 Kd7 1-0